000 00374 a2200145 4500
005 20250606094743.0
020 _a978-1-118-38808-2
082 _a658.4 RIC
100 _aRICHARDSON, B.
245 _aRecords, Management for Dummies.
250 _a2nd Ed.
260 _aCanada,
_bJohn Wiley & Sons,
_c2012.
300 _axviii,281p.; ill.; figure.;
_c23cm.
942 _2ddc
_cBKS
999 _c3291
_d3291